Baidehish - Bilas (Record no. 363731)

MARC details
000 -LEADER
fixed length control field 003390000a22001450004500
005 - DATE AND TIME OF LATEST TRANSACTION
control field 20120302065033.0
040 ## - CATALOGING SOURCE
Original cataloging agency O&H
100 ## - MAIN ENTRY--PERSONAL NAME
Personal name Upendrabhanj Shree
245 ## - TITLE STATEMENT
Title Baidehish - Bilas
250 ## - EDITION STATEMENT
Edition statement 1st
260 ## - PUBLICATION, DISTRIBUTION, ETC. (IMPRINT)
Place of publication, distribution, etc Lakhnau:Bhuvan Vani Trust, 1980
365 ## - TRADE PRICE
Price amount 60
650 ## - SUBJECT ADDED ENTRY--TOPICAL TERM
Topical term or geographic name as entry element Ramvilas, OriyaRamayan, OdiyaRamayan
942 ## - ADDED ENTRY ELEMENTS (KOHA)
Koha item type Book
Holdings
Withdrawn status Lost status Damaged status Not for loan Home library Current library Date acquired Total Checkouts Barcode Date last seen Price effective from
        Institute For Oriental Study, Thane Institute For Oriental Study, Thane 12/02/2009   IOS-OH 24786 12/02/2009 12/02/2009